| 000 | 01010nam a2200301 a 4500 | ||
|---|---|---|---|
| 003 | AR-BaBNM | ||
| 005 | 20251128203837.0 | ||
| 008 | 082120s2002 ||||||||||||||000 | spa|| | ||
| 040 | _cAR-BaBNM | ||
| 100 | 1 | _aDe la Serna de Ponce de León, Enriqueta | |
| 245 | 0 | 0 |
_aTécnica de la asistencia social _bcasos individuales |
| 260 |
_aBuenos Aires _bVázquez _c1945 |
||
| 300 | _a102 p. | ||
| 500 | _aContiene lista de vocablos con que se designan a las entidades benéficas o de asistencia y de las que hacen beneficencia aunque esa no sea su finalidad principal: p. 99-102 | ||
| 650 | 4 | _aSERVICIOS SOCIALES | |
| 650 | 4 | _aBIENESTAR DE LA INFANCIA | |
| 650 | 4 | _aENCUESTAS | |
| 650 | 4 | _aSEGURIDAD SOCIAL | |
| 650 | 4 | _aTRABAJADORES SOCIALES | |
| 650 | 4 | _aPROBLEMAS SOCIALES | |
| 650 | 4 | _aNECESIDADES SOCIALES | |
| 650 | 4 | _aNECESIDADES DE VIVIENDA | |
| 650 | 4 | _aNECESIDADES HUMANAS | |
| 650 | 4 | _aTRABAJO SOCIAL | |
| 700 | 1 |
_aAraoz Alfaro, Gregorio _eprologuista |
|
| 942 | _cBK | ||
| 998 | _csilvi | ||
| 999 |
_c5152 _d5152 |
||